| 000 | 00381cam a2200157ua 4500 | ||
|---|---|---|---|
| 041 |
_aeng _h |
||
| 082 |
_a823.301 _bSCO/TO |
||
| 100 | _aScott, Michael . | ||
| 245 |
_aTomcringle`s log / _cMichael scott. _hTextual Documents |
||
| 250 |
_a1 / _b. |
||
| 260 |
_aLondon : _bE J Arnold & Son Ltd , _c1963. |
||
| 300 | _a96 ; . | ||
| 504 | _a | ||
| 942 | _cBK | ||
| 999 |
_c11953 _d11953 |
||